000 00663pam a2200205 a 4500
001 633629
005 20241115113358.0
008 930303s1994 njua b 001 0 eng
020 _a0138768897
050 0 0 _aQA76.5
_b.P336 1994
082 0 0 _a005.265
_220
100 1 _aPaul, Richard P.
245 1 0 _aSPARC architecture, assembly language programming, and C /
_cRichard P. Paul.
260 _aEnglewood Cliffs, N.J. :
_bPrentice Hall,
_cc1994.
300 _axvi, 448 p. :
_bill. ;
_c24 cm.
650 0 _aReduced instruction set computers.
650 0 _aAssembly languages (Electronic computers)
650 0 _aC (Computer program language)
942 _2lcc
_cBK
_n0
999 _c1242
_d1242